|
|
|
|
| LEADER |
00000nam a2200000 i 4500 |
| 001 |
DIGEDUNAV0209 |
| 003 |
NyNyDIG |
| 008 |
200606s2008 sp ob 000 0 spa d |
| 006 |
m o d |
| 007 |
cr ||||||||||| |
| 035 |
|
|
|a (OCoLC)847599203
|
| 040 |
|
|
|a DGITA
|b eng
|e rda
|e pn
|c DGITA
|
| 020 |
|
|
|z 9788431324322
|
| 020 |
|
|
|z 8431324325
|
| 050 |
1 |
4 |
|a JC337 ebook
|
| 082 |
0 |
4 |
|a 300
|
| 245 |
0 |
0 |
|a Sociedad civil :
|b la democracia y su destino /
|c edición preparada por Rafael Alvira, Nicolás Grimaldi y Montserrat Herrero.
|
| 264 |
|
1 |
|a Pamplona :
|b EUNSA, Ediciones Universidad de Navarra, S.A.
|c [2008]
|
| 300 |
|
|
|a 1 online resource.
|
| 336 |
|
|
|a text
|b txt
|2 rdacontent
|
| 337 |
|
|
|a computer
|b c
|2 rdamedia
|
| 338 |
|
|
|a online resource
|b cr
|2 rdacarrier
|
| 347 |
|
|
|a text file
|2 rdaft
|
| 347 |
|
|
|b PDF
|
| 490 |
1 |
|
|a Colección filosófica ;
|v núm. 144
|
| 504 |
|
|
|a Includes bibliographical references.
|
| 505 |
0 |
|
|a La sociedad civil en contexto / Fernando Múgica -- Observaciones de un ciudadano sobre el carácter enigmático de la sociedad civil / Nicolás Grimaldi -- Razones para la sociedad civil / Russell Hittinger -- La responsabilidad de los ciudadanos en la construcción de la sociedad civil / Enrique Martín López -- Lógica y sistemática de la sociedad civil / Rafael Alvira -- Sociedad civil entre republicanismo y liberalismo / Fernando Inciarte -- La noción de sociedad civil en la Filosofía del Derecho de Hegel / Renato Cristi -- La interpretación comunitarista de la sociedad civil / María García-Amilburu, Concepción Naval -- La articulación republicana de la sociedad civil como intento de superar el liberalismo / Alfredo Cruz Prados -- Doctrina social católica y sociedad civil: una aportación a la estabilización de los procesos de transformación postcomunistas / Manfred Spieker -- La imagen del hombre / Carlos Rodríguez Lluesma -- La ciudadanía en las sociedades complejas : nuevas formas de relación social / Pablo García Ruiz -- La sociedad civil ante la ciencia : el giro comunitarista de Peter Winch hacia el mundo de la vida (A través de Karl Otto Apel) / Carlos Ortiz de Landázuri -- Lo nacional en la sociedad civil / Karen Sanders -- Valores, política y sociedad civil / Janne Haaland Matlary -- La sociedad civil y la propiedad / Dalmacio NeGro Pavón -- La economía como dimensión antropológica y social / Rafael Rubio de Urquía -- El mercado como institución de la sociedad civil / Alejo José G. SISON -- El papel de la sociedad civil en la revisión de los presupuestos jurídicos liberales / Caridad Velarde -- La fundamentación del Derecho en el seno de la reflexión sobre la sociedad civil / Consuelo Martínez Sicluna -- Un "viejo" tipo representación política para una nueva sociedad. EL self-government republicano / Montserrat Herrero -- Hacia la participación y la autonomía : una perspectiva americana sobre la sociedad civil / Robert Royal -- Sobre la constitución ética de la sociedad civil / Modesto Santos -- Hacia una ética política como práctica del "punto de vista" / Carmelo Vigna -- La sociedad civil y la religión civil en el siglo XXI / Richard John NeuHaus -- Selección bibliográfica / Raquel Lázaro.
|
| 588 |
0 |
|
|a Online resource; title from PDF title page (Digitalia, viewed June 6, 2020)
|
| 650 |
|
0 |
|a Civil society.
|
| 655 |
|
0 |
|a Electronic books.
|
| 700 |
1 |
|
|a Alvira, Rafael,
|e editor.
|
| 700 |
1 |
|
|a Grimaldi, Nicolas,
|e editor.
|
| 700 |
1 |
|
|a Herrero López, Montserrat,
|e editor.
|
| 791 |
2 |
|
|a Digitalia (Firm),
|e distributor.
|
| 793 |
0 |
|
|g Digitalia eBook Collection:
|a Ediciones Universidad de Navarra
|
| 776 |
0 |
8 |
|i Print version:
|t Sociedad civil.
|b Segunda edición corregida y ampliada.
|d Pamplona : EUNSA, Ediciones Universidad de Navarra, S.A., 2008
|z 9788431324322
|
| 830 |
|
0 |
|a Colección filosófica (Universidad de Navarra. Facultad de Filosofía y Letras) ;
|v 144.
|
| 856 |
4 |
0 |
|3 Digitalia Hispánica
|u https://www.digitaliapublishing.com/a/51565/
|
| 910 |
|
|
|a Premium collection: 2020
|